[Event "National Chess Congress"]
[Site "Philadelphia"]
[Date "2009.11.27"]
[Round "1"]
[White "Figler, Ilya"]
[Black "Chan, Julian M"]
[Result "1/2-1/2"]
[WhiteElo "2273"]
[BlackElo "2098"]
[PlyCount "67"]
[EventDate "2009.11.??"]
[EventType "swiss"]
[EventRounds "6"]
[EventCountry "USA"]

1. c4 e5 2. Nc3 c5 3. g3 Nc6 4. Bg2 g6 5. a3 d6 6. Nf3 Bg7 7. O-O Nge7 8. Ne1
O-O 9. Nc2 Be6 10. Ne3 Qd7 11. Ned5 Rab8 12. d3 Kh8 13. Bg5 f6 14. Bd2 Bg8 15.
Qa4 Rfd8 16. Nxe7 Qxe7 17. b4 f5 18. Rab1 e4 19. dxe4 cxb4 20. axb4 Ne5 21.
exf5 Nxc4 22. Be1 gxf5 23. Qxa7 d5 24. Qc5 Qe5 25. e3 b6 26. Qd4 Qe7 27. Qf4
Rbc8 28. Rd1 d4 29. Rxd4 Bxd4 30. exd4 Nd6 31. Nd5 Bxd5 32. Bxd5 Qf6 33. Bg2 b5
34. Qe5 1/2-1/2

[Event "National Chess Congress"]
[Site "Philadelphia"]
[Date "2009.11.27"]
[Round "1"]
[White "Korley, Kassa"]
[Black "Hua, David A"]
[Result "1-0"]
[WhiteElo "2279"]
[BlackElo "2108"]
[PlyCount "47"]
[EventDate "2009.11.??"]
[EventType "swiss"]
[EventRounds "6"]
[EventCountry "USA"]

1. e4 c5 2. Nf3 e6 3. Nc3 a6 4. d4 cxd4 5. Nxd4 Qc7 6. Bd3 b5 7. O-O Bb7 8. Re1
d6 9. a4 bxa4 10. Rxa4 Nd7 11. Rc4 Qd8 12. Nc6 Bxc6 13. Rxc6 Ne5 14. Rxa6 Rxa6
15. Bb5+ Nd7 16. Bxa6 Qb6 17. Bb5 Ngf6 18. Be3 Qb7 19. Bf4 e5 20. Bg5 Be7 21.
Bxf6 gxf6 22. Qg4 Bf8 23. Ra1 Kd8 24. Ra8+ 1-0

[Event "National Chess Congress"]
[Site "Philadelphia"]
[Date "2009.11.27"]
[Round "1"]
[White "Ravichandran, S."]
[Black "Aaron, D."]
[Result "1-0"]
[WhiteElo "2178"]
[BlackElo "2110"]
[PlyCount "89"]
[EventDate "2009.11.??"]
[EventType "swiss"]
[EventRounds "6"]
[EventCountry "USA"]
[Source "Mark Crowther"]
[SourceDate "2009.12.06"]

1. d4 d5 2. Nf3 Nf6 3. Bf4 c6 4. e3 Bg4 5. c4 Bxf3 6. gxf3 Nbd7 7. Qb3 Qb6 8.
Nc3 e6 9. h3 dxc4 10. Bxc4 Be7 11. Rg1 O-O 12. O-O-O Kh8 13. Rg2 Nd5 14. Bh2
Nxc3 15. Qxc3 Bf6 16. Qb3 c5 17. d5 Qxb3 18. axb3 Nb6 19. dxe6 Nxc4 20. bxc4
fxe6 21. Rd7 b6 22. Rg1 Rfd8 23. Rgd1 Kg8 24. Kc2 Kf8 25. Bd6+ Ke8 26. Rb7 Rd7
27. Rxd7 Kxd7 28. Bxc5+ Kc6 29. Bb4 Rd8 30. Rg1 g6 31. Rg4 a5 32. Be1 Be7 33.
Re4 Kd7 34. Bc3 Rf8 35. f4 Rf5 36. Bd4 Bc5 37. Re5 Rxe5 38. fxe5 Kc6 39. Bxc5
bxc5 40. Kb3 Kb6 41. f4 Ka6 42. Ka4 Kb6 43. e4 h6 44. h4 h5 45. b3 1-0

[Event "National Chess Congress"]
[Site "Philadelphia"]
[Date "2009.11.27"]
[Round "1"]
[White "Smarty, Sylvester"]
[Black "Herman, Matthew J"]
[Result "0-1"]
[WhiteElo "2125"]
[BlackElo "2310"]
[PlyCount "80"]
[EventDate "2009.11.??"]
[EventType "swiss"]
[EventRounds "6"]
[EventCountry "USA"]

1. c4 c6 2. g3 d5 3. Bg2 Nf6 4. Nf3 dxc4 5. a4 a5 6. Na3 Qd5 7. Qc2 Be6 8. O-O
g6 9. Nh4 Qe5 10. Re1 Na6 11. Nf3 Qc5 12. Qc3 Bg7 13. Qd4 Qd6 14. Qh4 Qb4 15.
Ng5 Bg4 16. h3 h5 17. Nxf7 Kxf7 18. hxg4 Nxg4 19. Qg5 Bh6 20. Qh4 Qc5 21. Rf1
Rad8 22. Be4 Nb4 23. e3 Nd3 24. f3 Nge5 25. Bxd3 Rxd3 26. Qe4 Qd5 27. Nc2 Qxe4
28. fxe4+ Ke6 29. Nd4+ Kd7 30. Rb1 Rb8 31. b4 axb4 32. Rxb4 c5 33. Rb5 cxd4 34.
Rxe5 dxe3 35. dxe3 Rf8 36. Rxf8 Bxf8 37. Rd5+ Rxd5 38. exd5 Kd6 39. e4 Ke5 40.
Kf2 Kxe4 0-1

[Event "National Chess Congress"]
[Site "Philadelphia"]
[Date "2009.11.27"]
[Round "1"]
[White "Smith, Bry"]
[Black "Fink, S."]
[Result "1-0"]
[WhiteElo "2467"]
[BlackElo "2145"]
[PlyCount "55"]
[EventDate "2009.11.??"]
[EventType "swiss"]
[EventRounds "6"]
[EventCountry "USA"]
[Source "Mark Crowther"]
[SourceDate "2009.12.06"]

1. e4 e5 2. Nf3 Nc6 3. Bb5 f5 4. Nc3 fxe4 5. Nxe4 Nf6 6. Qe2 d5 7. Nxf6+ gxf6
8. d4 Bg7 9. c4 Bg4 10. h3 Bxf3 11. Qxf3 O-O 12. Bxc6 bxc6 13. Be3 Qd7 14. O-O
e4 15. Qf4 Rf7 16. Rac1 Kh8 17. Kh1 Rg8 18. f3 Re8 19. cxd5 cxd5 20. Rc3 Bf8
21. fxe4 Rxe4 22. Qf3 Bd6 23. Rb3 Rf8 24. Bh6 Ree8 25. Bxf8 Rxf8 26. Qxd5 Qg7
27. Qe6 a5 28. Rbf3 1-0

[Event "National Chess Congress"]
[Site "Philadelphia"]
[Date "2009.11.27"]
[Round "1"]
[White "Sturt, Raven M"]
[Black "Soble, Alan"]
[Result "1-0"]
[WhiteElo "2289"]
[BlackElo "2122"]
[PlyCount "51"]
[EventDate "2009.11.??"]
[EventType "swiss"]
[EventRounds "6"]
[EventCountry "USA"]

1. e4 e6 2. d4 d5 3. Nc3 Bb4 4. e5 c5 5. a3 Bxc3+ 6. bxc3 Ne7 7. Qg4 Kf8 8. Ne2
Bd7 9. Ng3 Qa5 10. Bd2 Qa4 11. Ra2 Nbc6 12. Nh5 Ng6 13. Qh3 cxd4 14. Nxg7 Ncxe5
15. Bg5 f5 16. Nh5 dxc3 17. Qxc3 Rc8 18. Qb4+ Kf7 19. Be2 Rxc2 20. Rxc2 Qxc2
21. f4 Qc1+ 22. Kf2 Qxh1 23. fxe5 Bc6 24. Qd6 Rc8 25. Nf4 Qxh2 26. Qxe6+ 1-0

[Event "National Chess Congress"]
[Site "Philadelphia"]
[Date "2009.11.27"]
[Round "1"]
[White "Yang, Darwin"]
[Black "Katz, Benjamin"]
[Result "1-0"]
[WhiteElo "2346"]
[BlackElo "2128"]
[PlyCount "65"]
[EventDate "2009.11.??"]
[EventType "swiss"]
[EventRounds "6"]
[EventCountry "USA"]

1. d4 e6 2. c4 Nf6 3. Nc3 c5 4. d5 exd5 5. cxd5 d6 6. e4 g6 7. h3 Bg7 8. Nf3 a6
9. a4 Nbd7 10. Bd3 Nh5 11. O-O Ne5 12. Be2 Nxf3+ 13. Bxf3 Qh4 14. Bxh5 gxh5 15.
Ne2 Bxh3 16. gxh3 Be5 17. Ra3 Qxe4 18. Ng3 Rg8 19. Qxh5 O-O-O 20. Bg5 Bxg3 21.
Rxg3 Qxd5 22. Rd1 Qe5 23. Qg4+ Rd7 24. Qf4 Qxf4 25. Bxf4 Rxg3+ 26. fxg3 Kc7 27.
Rd5 Kc6 28. Rh5 f6 29. Rf5 Rf7 30. g4 Kd7 31. Rd5 f5 32. Rxd6+ Kc8 33. g5 1-0

[Event "National Chess Congress"]
[Site "Philadelphia"]
[Date "2009.11.27"]
[Round "2"]
[White "Chan, Julian M"]
[Black "Kleiman, Jake"]
[Result "1/2-1/2"]
[WhiteElo "2098"]
[BlackElo "2377"]
[PlyCount "79"]
[EventDate "2009.11.??"]
[EventType "swiss"]
[EventRounds "6"]
[EventCountry "USA"]

1. c4 c6 2. Nf3 d5 3. b3 Bg4 4. e3 Nf6 5. Bb2 e6 6. Be2 Bd6 7. O-O Nbd7 8. d4
Ne4 9. Ne5 Bxe2 10. Qxe2 Qc7 11. f3 Nef6 12. f4 Ne4 13. Nxd7 Qxd7 14. Nc3 Nxc3
15. Bxc3 f5 16. Kh1 Qf7 17. Rab1 O-O 18. Rg1 Kh8 19. g4 fxg4 20. Qxg4 g6 21.
Rbf1 Qf5 22. Qxf5 exf5 23. Kg2 Kg7 24. Kf3 Kf6 25. Be1 Rfe8 26. Bh4+ Kf7 27. c5
Bc7 28. Rb1 b5 29. a3 h6 30. Rg2 Re4 31. Bf2 Re6 32. Rbg1 Ba5 33. Be1 Bd8 34.
h4 Be7 35. Bf2 Re8 36. Rh2 Bd8 37. Ra1 a5 38. Rg1 Be7 39. Rgh1 Bd8 40. Rg1
1/2-1/2

[Event "National Chess Congress"]
[Site "Philadelphia"]
[Date "2009.11.27"]
[Round "2"]
[White "Fayvinov, Z."]
[Black "Bartell, T."]
[Result "1-0"]
[WhiteElo "2171"]
[BlackElo "2368"]
[PlyCount "99"]
[EventDate "2009.11.??"]
[EventType "swiss"]
[EventRounds "6"]
[EventCountry "USA"]
[Source "Mark Crowther"]
[SourceDate "2009.12.06"]

1. g3 Nf6 2. Nf3 b6 3. Bg2 Bb7 4. O-O c5 5. d3 d5 6. Nbd2 e6 7. Re1 Be7 8. c3
O-O 9. Ne5 Nbd7 10. Nxd7 Qxd7 11. e4 dxe4 12. dxe4 e5 13. Qe2 b5 14. Nf3 Bd6
15. Nh4 c4 16. Bg5 Qe6 17. Nf5 Bc5 18. b4 Bb6 19. Bh3 Bxe4 20. Nh6+ gxh6 21.
Bxe6 hxg5 22. Bh3 Rfe8 23. Bg2 Bxg2 24. Kxg2 e4 25. a4 h6 26. axb5 Rad8 27.
Rad1 Rd3 28. Rxd3 cxd3 29. Qa2 Rd8 30. c4 Bd4 31. c5 Bc3 32. Rd1 Nd5 33. c6 Be5
34. Qxa7 Bc7 35. Rd2 Bb6 36. Qb7 Kg7 37. Ra2 g4 38. Kf1 Rd6 39. Qc8 Re6 40. Ra8
d2 41. Ke2 e3 42. Qg8+ Kf6 43. fxe3 Bxe3 44. Ra1 Bg5+ 45. Kf2 Be3+ 46. Kf1 Bb6
47. Rd1 Ne3+ 48. Ke2 Nxd1+ 49. Kxd1 Be3 50. c7 1-0

[Event "National Chess Congress"]
[Site "Philadelphia"]
[Date "2009.11.27"]
[Round "2"]
[White "Finn, Sean N"]
[Black "Figler, Ilya"]
[Result "1-0"]
[WhiteElo "2133"]
[BlackElo "2273"]
[PlyCount "43"]
[EventDate "2009.11.??"]
[EventType "swiss"]
[EventRounds "6"]
[EventCountry "USA"]

1. e4 d5 2. exd5 Qxd5 3. d4 Nc6 4. Nf3 Bg4 5. Be2 O-O-O 6. Be3 e5 7. c4 Qa5+ 8.
Bd2 Bb4 9. d5 Bxf3 10. Bxf3 Bxd2+ 11. Nxd2 Nd4 12. O-O Nf6 13. Nb3 Nxb3 14.
axb3 Qb6 15. Qc2 Kb8 16. b4 e4 17. c5 Qxb4 18. Ra4 Qb5 19. Be2 Qd7 20. Rfa1
Nxd5 21. Rxa7 c6 22. Qa4 1-0

[Event "National Chess Congress"]
[Site "Philadelphia"]
[Date "2009.11.27"]
[Round "2"]
[White "Huang, Winston"]
[Black "Hoshall, Shawn"]
[Result "1-0"]
[WhiteElo "2086"]
[BlackElo "2201"]
[PlyCount "75"]
[EventDate "2009.11.??"]
[EventType "swiss"]
[EventRounds "6"]
[EventCountry "USA"]

1. e4 e5 2. Nf3 Nc6 3. Bb5 Nd4 4. Nxd4 exd4 5. O-O Bc5 6. Re1 Qh4 7. d3 Nf6 8.
Qf3 h5 9. Bf4 Bb6 10. e5 Ng4 11. e6 fxe6 12. Rxe6+ Kd8 13. Rg6 Qe7 14. Bg5 Nf6
15. Nd2 Rf8 16. Ne4 c6 17. Nxf6 gxf6 18. Rxf6 Re8 19. Rg6 Qxg5 20. Rxg5 cxb5
21. Rxb5 d6 22. Qf6+ Kc7 23. Qf7+ Bd7 24. Rxh5 Rf8 25. Qc4+ Bc6 26. Rh7+ Kb8
27. Qe6 Rd8 28. Re1 a6 29. h4 Ka7 30. h5 Re8 31. Re7 Rg8 32. g3 Ba5 33. Qxd6
Rac8 34. Qc5+ Bb6 35. Qe5 Bf3 36. Rh7 Rxc2 37. Rh8 Rc5 38. Rxg8 1-0

[Event "National Chess Congress"]
[Site "Philadelphia"]
[Date "2009.11.27"]
[Round "2"]
[White "Melekhina, Alisa"]
[Black "Vulis, Daniel"]
[Result "1/2-1/2"]
[WhiteElo "2253"]
[BlackElo "2088"]
[PlyCount "27"]
[EventDate "2009.11.??"]
[EventType "swiss"]
[EventRounds "6"]
[EventCountry "USA"]

1. e4 e6 2. d4 d5 3. Nd2 Nc6 4. c3 e5 5. dxe5 Nxe5 6. Ngf3 Bg4 7. Qa4+ Bd7 8.
Qd4 Nxf3+ 9. Nxf3 dxe4 10. Qxe4+ Qe7 11. Qxe7+ Nxe7 12. Bc4 f6 13. Be3 Nf5 14.
Bf4 1/2-1/2

[Event "National Chess Congress"]
[Site "Philadelphia"]
[Date "2009.11.27"]
[Round "2"]
[White "Rosario, S."]
[Black "Ravichandran, S."]
[Result "0-1"]
[WhiteElo "2175"]
[BlackElo "2178"]
[PlyCount "96"]
[EventDate "2009.11.??"]
[EventType "swiss"]
[EventRounds "6"]
[EventCountry "USA"]
[Source "Mark Crowther"]
[SourceDate "2009.12.06"]

1. d4 d5 2. c4 c6 3. Nf3 Nf6 4. cxd5 cxd5 5. Nc3 Nc6 6. Bf4 e6 7. e3 Nh5 8. Bg5
Qb6 9. a3 h6 10. Bh4 g5 11. Bg3 Nxg3 12. hxg3 Bg7 13. b4 a5 14. b5 Ne7 15. Be2
Qd8 16. Ne5 Bxe5 17. dxe5 Qc7 18. Rc1 Qxe5 19. Na4 Qd6 20. O-O e5 21. e4 O-O
22. exd5 Bf5 23. Nc5 b6 24. g4 Bg6 25. Nb7 Qxd5 26. Rc7 Qe6 27. Bc4 Qf6 28. Qd7
Rac8 29. Nd6 Rcd8 30. Qxe7 Qxe7 31. Rxe7 Rxd6 32. Rxe5 Rc8 33. Rd5 Rxd5 34.
Bxd5 Rc5 35. Bc6 Bd3 36. Rd1 Bxb5 37. Rd8+ Kg7 38. Be4 Rc3 39. Rd6 Rxa3 40.
Rxb6 Bc4 41. Rc6 Ra1+ 42. Kh2 Bb3 43. g3 a4 44. f4 Re1 45. Bf3 gxf4 46. gxf4 a3
47. f5 a2 48. f6+ Kg6 0-1

[Event "National Chess Congress"]
[Site "Philadelphia"]
[Date "2009.11.27"]
[Round "2"]
[White "Weser, Adam"]
[Black "Yang, Darwin"]
[Result "1/2-1/2"]
[WhiteElo "2156"]
[BlackElo "2346"]
[PlyCount "83"]
[EventDate "2009.11.??"]
[EventType "swiss"]
[EventRounds "6"]
[EventCountry "USA"]

1. d4 Nf6 2. c4 e6 3. Nc3 Bb4 4. e3 O-O 5. Nge2 b6 6. a3 Bxc3+ 7. Nxc3 d5 8.
Bd3 Ba6 9. cxd5 Bxd3 10. Qxd3 exd5 11. O-O Re8 12. b4 a6 13. a4 Nc6 14. Ba3 Re6
15. Rfe1 Qd7 16. f3 Rae8 17. b5 axb5 18. axb5 Na5 19. e4 dxe4 20. fxe4 Nh5 21.
Rad1 Rg6 22. Qf3 Qg4 23. Qxg4 Rxg4 24. Nd5 Rexe4 25. Rxe4 Rxe4 26. Nxc7 Nf6 27.
d5 Nd7 28. Kf2 Nc4 29. Bc1 f5 30. Re1 Rxe1 31. Kxe1 Kf7 32. Ke2 Nc5 33. Bf4 Ke7
34. Na8 g5 35. Bc7 Nd7 36. Kd3 Nd6 37. Nxb6 Nxb6 38. Bxb6 Nxb5 39. Bc5+ Kd7 40.
Kc4 Nd6+ 41. Kd4 Nf7 42. h3 1/2-1/2

[Event "National Chess Congress"]
[Site "Philadelphia"]
[Date "2009.11.28"]
[Round "3"]
[White "Kudrin, S."]
[Black "Fayvinov, Z."]
[Result "1-0"]
[WhiteElo "2578"]
[BlackElo "2171"]
[PlyCount "53"]
[EventDate "2009.11.??"]
[EventType "swiss"]
[EventRounds "6"]
[EventCountry "USA"]
[Source "Mark Crowther"]
[SourceDate "2009.12.06"]

1. e4 c5 2. Nf3 d6 3. d4 cxd4 4. Nxd4 Nf6 5. Nc3 a6 6. h3 e5 7. Nde2 b5 8. g4
Be7 9. Ng3 g6 10. Bg2 Bb7 11. Bh6 b4 12. Nd5 Nxd5 13. exd5 Nd7 14. Qd2 a5 15.
O-O Nc5 16. b3 Bf8 17. a3 Bxh6 18. Qxh6 Ke7 19. f4 Nd7 20. axb4 Qb6+ 21. Kh2
Qxb4 22. Rae1 Ba6 23. c4 Kd8 24. fxe5 Nxe5 25. Rxe5 dxe5 26. Rxf7 Bc8 27. d6
1-0

[Event "National Chess Congress"]
[Site "Philadelphia"]
[Date "2009.11.28"]
[Round "3"]
[White "Mandelkern, Jeremy"]
[Black "Melekhina, Alisa"]
[Result "0-1"]
[WhiteElo "2062"]
[BlackElo "2253"]
[PlyCount "40"]
[EventDate "2009.11.??"]
[EventType "swiss"]
[EventRounds "6"]
[EventCountry "USA"]

1. d4 Nf6 2. Nf3 g6 3. c4 Bg7 4. g3 O-O 5. Bg2 d6 6. O-O Nbd7 7. Nc3 e5 8. e4
exd4 9. Nxd4 Re8 10. Re1 a6 11. h3 Rb8 12. Bg5 h6 13. Be3 Ne5 14. Rc1 Nxc4 15.
Qb3 Nxe3 16. Nc6 bxc6 17. Qxb8 Nxg2 18. Re2 Nd7 19. Qb3 Qg5 20. Rd1 Nf4 0-1

[Event "National Chess Congress"]
[Site "Philadelphia"]
[Date "2009.11.28"]
[Round "3"]
[White "Ravichandran, S."]
[Black "Sturt, R."]
[Result "1-0"]
[WhiteElo "2178"]
[BlackElo "2068"]
[PlyCount "49"]
[EventDate "2009.11.??"]
[EventType "swiss"]
[EventRounds "6"]
[EventCountry "USA"]
[Source "Mark Crowther"]
[SourceDate "2009.12.06"]

1. e4 e5 2. Nc3 Nf6 3. g3 Bc5 4. Bg2 Nc6 5. d3 O-O 6. h3 a6 7. Nge2 d6 8. O-O
b5 9. Kh2 Bb7 10. f4 Ne7 11. a3 Ne8 12. d4 exd4 13. Nxd4 Qd7 14. g4 f6 15. b4
Bb6 16. a4 c5 17. bxc5 dxc5 18. Nf5 Qc7 19. Nxe7+ Qxe7 20. axb5 axb5 21. Rxa8
Bxa8 22. Nxb5 Bxe4 23. Qe2 f5 24. gxf5 Nf6 25. Nc3 1-0

[Event "National Chess Congress"]
[Site "Philadelphia"]
[Date "2009.11.28"]
[Round "3"]
[White "Smith, Bry"]
[Black "Herman, Ma"]
[Result "1-0"]
[WhiteElo "2467"]
[BlackElo "2149"]
[PlyCount "147"]
[EventDate "2009.11.??"]
[EventType "swiss"]
[EventRounds "6"]
[EventCountry "USA"]
[Source "Mark Crowther"]
[SourceDate "2009.12.06"]

1. e4 c5 2. Nf3 d6 3. d4 cxd4 4. Nxd4 Nf6 5. Nc3 a6 6. Be3 e5 7. Nf3 h6 8. Bc4
Be6 9. Bb3 Be7 10. O-O O-O 11. Nh4 Bxb3 12. axb3 Nxe4 13. Nxe4 Bxh4 14. Nxd6
Qd7 15. Nc4 Qxd1 16. Rfxd1 Nc6 17. Rd7 Rab8 18. Bb6 Bd8 19. Bc5 Re8 20. c3 Be7
21. Bxe7 Rxe7 22. Rxe7 Nxe7 23. Nxe5 Rd8 24. Kf1 f6 25. Nf3 Nc6 26. Ke2 g5 27.
Rd1 Re8+ 28. Kd3 Ne5+ 29. Nxe5 Rxe5 30. Rd2 Kf7 31. Re2 Rf5 32. f3 h5 33. h3 h4
34. Re4 Rd5+ 35. Rd4 Rb5 36. b4 Ke6 37. Re4+ Kf5 38. Kd4 Kg6 39. f4 Kf5 40.
fxg5 fxg5 41. Re3 Kf6 42. Rf3+ Ke6 43. Rf8 Rd5+ 44. Ke3 Re5+ 45. Kf3 Rd5 46.
Rb8 Rb5 47. Kg4 Kf6 48. b3 Ke6 49. Rg8 Kf6 50. Kh5 Re5 51. Rg6+ Kf7 52. Rxg5
Re3 53. Kxh4 Rxc3 54. Rg3 Rc6 55. Rf3+ Kg7 56. g4 Rb6 57. Rf4 Kg6 58. Rd4 Rb5
59. Kg3 Rb6 60. h4 Rb5 61. h5+ Kg7 62. Kf4 Kh6 63. Kg3 Kg7 64. Kh4 Kf6 65. Rf4+
Kg7 66. g5 Rb6 67. Rc4 Rb5 68. Re4 Kf7 69. Rd4 Kg7 70. h6+ Kg6 71. Rd6+ Kf7 72.
g6+ Ke7 73. Rd4 Kf6 74. g7 1-0

[Event "National Chess Congress"]
[Site "Philadelphia"]
[Date "2009.11.28"]
[Round "3"]
[White "Treger, Effim"]
[Black "Esserman, Mark"]
[Result "1-0"]
[WhiteElo "2254"]
[BlackElo "2452"]
[PlyCount "71"]
[EventDate "2009.11.??"]
[EventType "swiss"]
[EventRounds "6"]
[EventCountry "USA"]

1. e4 c5 2. Nf3 d6 3. e5 dxe5 4. Nxe5 a6 5. Qf3 Nf6 6. Nc3 e6 7. Ne4 Be7 8. Ng5
O-O 9. Bd3 h6 10. h4 Nbd7 11. Nexf7 Qb6 12. Bg6 c4 13. d4 cxd3 14. Qxd3 hxg5
15. hxg5 Rxf7 16. gxf6 Bxf6 17. Qh3 Kf8 18. Be3 Qa5+ 19. Kf1 Ke7 20. Bxf7 Kxf7
21. Re1 Qf5 22. g4 Qb5+ 23. Kg1 Qd5 24. c4 Qxc4 25. g5 Bxb2 26. g6+ Ke7 27.
Bg5+ Bf6 28. Qa3+ Qc5 29. Bxf6+ Kxf6 30. Qg3 Qf5 31. Rh8 b5 32. Re8 e5 33. f4
e4 34. R1xe4 Bb7 35. R8e6+ Qxe6 36. Qg5# 1-0

[Event "National Chess Congress"]
[Site "Philadelphia"]
[Date "2009.11.28"]
[Round "4"]
[White "Korley, K."]
[Black "Smith, Bry"]
[Result "0-1"]
[WhiteElo "2143"]
[BlackElo "2467"]
[PlyCount "80"]
[EventDate "2009.11.??"]
[EventType "swiss"]
[EventRounds "6"]
[EventCountry "USA"]
[Source "Mark Crowther"]
[SourceDate "2009.12.06"]

1. e4 c5 2. Nf3 d6 3. d4 cxd4 4. Nxd4 Nf6 5. Nc3 g6 6. Be3 Bg7 7. f3 O-O 8. Qd2
Nc6 9. Bc4 Bd7 10. h4 h5 11. O-O-O Ne5 12. Bb3 Rc8 13. g4 hxg4 14. h5 Nxh5 15.
Rdg1 Qa5 16. Rxh5 gxh5 17. Bh6 Nd3+ 18. Qxd3 Bxh6+ 19. Kb1 Rxc3 20. bxc3 Bg7
21. fxg4 hxg4 22. e5 e6 23. Rh1 Rc8 24. Qh7+ Kf8 25. Bxe6 Qxe5 26. Bxd7 Rxc3
27. Rd1 Rh3 28. Qf5 Rh1 29. Rxh1 Qxd4 30. Kc1 Qa1+ 31. Kd2 Qxh1 32. Qxg4 Qd5+
33. Ke2 Qxa2 34. Qe4 Be5 35. Bb5 Qb2 36. Qc4 Qc3 37. Qe4 d5 38. Qf5 Bf6 39. Kf1
Bh4 40. Bd3 Qf6 0-1

[Event "National Chess Congress"]
[Site "Philadelphia"]
[Date "2009.11.28"]
[Round "4"]
[White "Ravichandran, S."]
[Black "Lenderman, A."]
[Result "1/2-1/2"]
[WhiteElo "2178"]
[BlackElo "2504"]
[PlyCount "42"]
[EventDate "2009.11.??"]
[EventType "swiss"]
[EventRounds "6"]
[EventCountry "USA"]
[Source "Mark Crowther"]
[SourceDate "2009.12.06"]

1. d4 d5 2. Nf3 Nf6 3. e3 c5 4. Bd3 Nc6 5. b3 Bg4 6. Bb2 cxd4 7. exd4 Qa5+ 8.
Bc3 Qc7 9. Nbd2 e6 10. a3 Bd6 11. h3 Bh5 12. Bb2 Bf4 13. Qe2 O-O-O 14. O-O-O
Ne4 15. g4 Bg6 16. Kb1 f5 17. Nf1 Bf7 18. Ne3 Rhe8 19. c4 Kb8 20. Rhe1 Ne7 21.
Rc1 dxc4 1/2-1/2

[Event "National Chess Congress"]
[Site "Philadelphia"]
[Date "2009.11.29"]
[Round "5"]
[White "Kleiman, J."]
[Black "Hess, Ro"]
[Result "0-1"]
[WhiteElo "2350"]
[BlackElo "2560"]
[PlyCount "54"]
[EventDate "2009.11.??"]
[EventType "swiss"]
[EventRounds "6"]
[EventCountry "USA"]
[Source "Mark Crowther"]
[SourceDate "2009.12.06"]

1. e4 e5 2. Nf3 Nc6 3. Bc4 Bc5 4. c3 Nf6 5. d3 a6 6. O-O Ba7 7. h3 d6 8. Bb3 h6
9. Re1 Qe7 10. Nh4 Ng4 11. hxg4 Qxh4 12. Qf3 Nd8 13. Bd1 Bxg4 14. g3 Bxf3 15.
gxh4 Bxd1 16. Rxd1 Ne6 17. Be3 Bxe3 18. fxe3 O-O 19. d4 exd4 20. exd4 f5 21.
exf5 Rxf5 22. Nd2 Rf4 23. Re1 Rg4+ 24. Kh2 Nf4 25. Nf3 Rg2+ 26. Kh1 Rf8 27. b3
Rg3 0-1

[Event "National Chess Congress"]
[Site "Philadelphia"]
[Date "2009.11.29"]
[Round "5"]
[White "Krush, I."]
[Black "Rubenchik, R."]
[Result "1-0"]
[WhiteElo "2458"]
[BlackElo "2299"]
[PlyCount "75"]
[EventDate "2009.11.??"]
[EventType "swiss"]
[EventRounds "6"]
[EventCountry "USA"]
[Source "Mark Crowther"]
[SourceDate "2009.12.06"]

1. d4 e6 2. c4 Nf6 3. Nc3 Bb4 4. Qc2 O-O 5. e4 d5 6. e5 Ne4 7. Bd3 c5 8. Nge2
cxd4 9. Nxd4 Nd7 10. Bf4 Ndc5 11. O-O Nxd3 12. Qxd3 Bxc3 13. bxc3 Qa5 14. Rfc1
Qa6 15. Nb5 dxc4 16. Qxc4 Bd7 17. a4 Qc6 18. Qe2 a6 19. Nd4 Qd5 20. Qe3 Nc5 21.
c4 Qe4 22. Qxe4 Nxe4 23. c5 Rac8 24. c6 Bxc6 25. f3 Bxa4 26. fxe4 b5 27. Bg5 h6
28. Be7 Rfe8 29. Bb4 Kh7 30. Kf2 f6 31. exf6 gxf6 32. Ke3 Kg6 33. Nc6 Kf7 34.
Rc5 e5 35. Rac1 Ke6 36. Rd5 Kf7 37. Rd7+ Kg6 38. Rc3 1-0

[Event "National Chess Congress"]
[Site "Philadelphia"]
[Date "2009.11.29"]
[Round "5"]
[White "Smith, Bry"]
[Black "Lenderman, A."]
[Result "1/2-1/2"]
[WhiteElo "2467"]
[BlackElo "2504"]
[PlyCount "91"]
[EventDate "2009.11.??"]
[EventType "swiss"]
[EventRounds "6"]
[EventCountry "USA"]
[Source "Mark Crowther"]
[SourceDate "2009.12.06"]

1. e4 c6 2. d4 d5 3. e5 Bf5 4. Be3 e6 5. Nd2 Qb6 6. Nb3 Nd7 7. Be2 Nh6 8. Nf3
Bg4 9. Bxh6 gxh6 10. Nh4 Bxe2 11. Qxe2 c5 12. c3 c4 13. Nc1 Be7 14. Nf3 Rg8 15.
O-O Rg6 16. Qc2 Nf8 17. Ne2 Qc6 18. g3 Kd7 19. Nf4 Rg8 20. Nh5 Kc7 21. Qd2 Bg5
22. Nxg5 Rxg5 23. f4 Rxh5 24. Qe2 Rf5 25. g4 Ng6 26. gxf5 Nh4 27. Qh5 Nxf5 28.
Qxf7+ Qd7 29. Qxd7+ Kxd7 30. Kf2 Rc8 31. Rfe1 Rf8 32. Rg1 Rc8 33. Ke2 b5 34.
Kd2 a5 35. Raf1 b4 36. Rf3 Rb8 37. Kc2 a4 38. a3 bxa3 39. bxa3 Rb3 40. Rf2 Rxa3
41. Rb1 Rb3 42. Re2 Kc6 43. Ree1 Kb5 44. Re2 Kc6 45. Ra1 Kb5 46. Rb1 1/2-1/2

[Event "National Chess Congress"]
[Site "Philadelphia"]
[Date "2009.11.29"]
[Round "5"]
[White "Stripunsky, A."]
[Black "Zaikov, O."]
[Result "1-0"]
[WhiteElo "2556"]
[BlackElo "2385"]
[PlyCount "73"]
[EventDate "2009.11.??"]
[EventType "swiss"]
[EventRounds "6"]
[EventCountry "USA"]
[Source "Mark Crowther"]
[SourceDate "2009.12.06"]

1. e4 c5 2. Ne2 d6 3. g3 Nf6 4. Bg2 Nc6 5. O-O e5 6. c3 Be7 7. d4 cxd4 8. cxd4
O-O 9. Nbc3 Bg4 10. f3 exd4 11. Nxd4 Nxd4 12. Qxd4 Be6 13. Be3 d5 14. e5 Nd7
15. f4 Bc5 16. Qd3 d4 17. Bxd4 Nxe5 18. Rad1 Bxd4+ 19. Qxd4 Nc6 20. Bxc6 bxc6
21. f5 Bd5 22. f6 Be6 23. Qe5 gxf6 24. Rxf6 Qb6+ 25. Rf2 Rad8 26. Qg5+ Kh8 27.
Qf6+ Kg8 28. Qg5+ Kh8 29. Qf6+ Kg8 30. Re1 Qd4 31. Re5 h6 32. h4 Kh7 33. Ne4
Qd1+ 34. Rf1 Qd3 35. Qf4 Bc4 36. Rf2 Kg7 37. Rg5+ 1-0

[Event "National Chess Congress"]
[Site "Philadelphia"]
[Date "2009.11.29"]
[Round "6"]
[White "Esserman, M."]
[Black "Yang, Dar"]
[Result "1/2-1/2"]
[WhiteElo "2394"]
[BlackElo "2262"]
[PlyCount "49"]
[EventDate "2009.11.??"]
[EventType "swiss"]
[EventRounds "6"]
[EventCountry "USA"]
[Source "Mark Crowther"]
[SourceDate "2009.12.06"]

1. e4 e6 2. d4 d5 3. Nd2 c5 4. exd5 exd5 5. Bb5+ Nc6 6. Ngf3 Bd6 7. O-O Nge7 8.
dxc5 Bxc5 9. Nb3 Bd6 10. c3 O-O 11. Bd3 h6 12. Re1 Bg4 13. h3 Bh5 14. Be3 Ne5
15. Be2 Nc4 16. Bc1 a6 17. Nbd4 b5 18. b3 Nb6 19. Be3 Re8 20. Qd2 Nd7 21. Nh4
Bxe2 22. Qxe2 Rc8 23. Rad1 Nf6 24. Rd3 Ng6 25. Nxg6 1/2-1/2